01675nam a2200301 a 450000100100000000500170001000800410002702000150006804000250008308200150010810000480012324501200017126000540029130000550034550001430040050000740054350400310061765000990064865000730074765100890082070000360090970000330094591000370097895201130101595201140112895201140124299900170135600003735220200930080317.0120328s1974 sp a 000 0 spa d a8450010543 aDO-SdBNPbspacBNPHU axxxbM379h1 aAlcina, Francisco Ignaciod1610-167496381513aLa historia de las islas e indios visayas del padre Alcina 1968 /cMa. Luisa Martín -Meras, Ma. Dolores Higueras. aMadrid :bInstituto Histórico de Marina,c1974. aCXXVIII, 4 h., 258 f. con lám. :bil., ;c24 cm. aReproducción facsimil de la "Historia de las islas e indios visayas del Padre Alcina 1668", que se conserva en el Museo Naval de Madrid. aIncluye referencias bibliográficas y notas al pie de las páginas. aBibliografía: p. 127-128 4aAntropología cultural y socialzVisayas, Islas ( Filipinas, Islas {Rpara}ySIGLO XVII963816 4aCiencias naturaleszVisayas, Islas ( Filipinas, Islas {Rpara}963817 4aVisayas, Islas ( Filipinas, Islas {Rpara}xDescripción Y ViajesySIGLO XVII96381812aaHigueras, Maria Dolores96381912aHigueras, Ma. Dolores963820 aValidado. Control de calidad MFF 001050718MOaGRbGRcCTd2012-03-28iLF1l0oxxx M379hp37352-10r2020-06-25w2020-06-25y1ZNo se presta 0010507-18MOaGRbGRcOId2012-03-28iLF1l0oxxx M379hp37353-10r2020-06-25w2020-06-25y1ZNo se presta 0010507-18MOaGRbGRcOId2012-03-28iLF1l0oxxx M379hp37354-10r2020-06-25w2020-06-25y1ZNo se presta c36842d36842